Quantity Surveying (Record no. 9349)
[ view plain ]
| 000 -LEADER | |
|---|---|
| fixed length control field | 00196nam a2200097 4500 |
| 082 ## - DEWEY DECIMAL CLASSIFICATION NUMBER | |
| Classification number | BHA |
| 100 ## - MAIN ENTRY--AUTHOR NAME | |
| Personal name | Bhasia, P.L |
| 245 ## - TITLE STATEMENT | |
| Title | Quantity Surveying |
| 260 ## - PUBLICATION, DISTRIBUTION, ETC. (IMPRINT) | |
| Place of publication | Delhi: |
| Name of publisher | S. Chand, |
| Year of publication | 1990. |
| 942 ## - ADDED ENTRY ELEMENTS (KOHA) | |
| Koha item type | Books |
| Withdrawn status | Lost status | Collection code | Home library | Current library | Shelving location | Date acquired | Cost, normal purchase price | Full call number | Accession Number | Koha item type |
|---|---|---|---|---|---|---|---|---|---|---|
| Reference | Central Library, QUEST, Nawabshah | Central Library, QUEST, Nawabshah | Reference | 01/09/2014 | 350.00 | BHA( Shelf - 69C) | 18783 | Books |